| 000 | 01478cam a22003854i 4500 | ||
|---|---|---|---|
| 003 | PE-LiUPU | ||
| 005 | 20250731183423.0 | ||
| 008 | 150706s r 000 0 d | ||
| 020 | _a9687478144 | ||
| 035 | _a(Sirsi) i9789687478142 | ||
| 040 |
_aPE-LiUPU _bspa _cPE-LiUPU _erda |
||
| 049 | _aPRUA | ||
| 082 | 0 | 4 |
_a728 _bP723a _223 |
| 100 | 1 |
_aPlazola Cisneros, Alfredo, _eautor. |
|
| 245 | 1 | 0 |
_aArquitectura habitacional : _nVolumen 1 / _cpor Alfredo Plazola Cisneros, Alfredo Plazola Anguiano y Gullermo Plazola Angiano. |
| 250 | _aQuinta edición. | ||
| 264 | 1 |
_aMéxico : _bLimusa, _c1977. |
|
| 300 |
_a692 páginas : _bilustraciones ; _c29 centímetros. |
||
| 336 |
_atext _2rdacontent |
||
| 337 |
_aunmediated _2rdamedia |
||
| 338 |
_avolume _2rdacarrier |
||
| 504 | _aIncluye bibliografía. | ||
| 505 | 0 | _aEl hombre -- Historiografía de la casa habitación -- México, historia de la casa -- Proyecto y composición -- Teoría del color -- Planificación -- Circulaciones horizontales y verticales -- Estilos en la arquitectura. | |
| 526 | _aP158 | ||
| 526 | _aP146 | ||
| 526 | _aP17 | ||
| 526 | _aP12 | ||
| 526 | _aP06 | ||
| 650 | 1 | 4 |
_aArquitectura de la vivienda _xDiseños y planos. |
| 700 | 1 |
_aPlazola Anguiano, Alfredo, _eautor. |
|
| 700 | 1 |
_aPlazola Anguiano, Guillermo, _eautor. |
|
| 942 |
_2ddc _cBK _n0 |
||
| 980 |
_81 _gALBERTO SANCHEZ Responsable de Automatización |
||
| 999 |
_c49255 _d49255 |
||